Greek Teams That Have Won The League Title in Greece - Statistics

General Stats
  • This quiz has been taken 193 times
  • The average score is 5 of 6
Answer Stats
Titles Team % Correct
43 Olympiacos
100%
20 Panathinaikos
97%
11 AEK Athens
95%
2 PAOK Thessaloniki
93%
3 Aris Thessaloniki
77%
1 AE Larissa
65%
No matching quizzes found
Score Distribution
Percent of People with Each Score
Percentile by Number Answered
Your Score History
You have not taken this quiz